| 000 | 00994nam a2200301 a 4500 | ||
|---|---|---|---|
| 999 |
_c1202 _d1202 |
||
| 001 | 4511112 | ||
| 003 | GZU | ||
| 005 | 20200930111556.0 | ||
| 008 | 970619s1997 enk b 001 0 eng d | ||
| 010 | _a 98110383 | ||
| 020 | _a0304700002 (hardback) | ||
| 020 | _a0304700010 (pbk.) | ||
| 035 | _a(OCoLC)37152238 | ||
| 040 |
_aWMM _cWMM _dDLC |
||
| 042 | _alccopycat | ||
| 050 | 0 | 0 |
_aGV706.3 _bARN 1997 |
| 100 | 1 |
_aArnold, Peter J. _q(Peter James) |
|
| 245 | 1 | 0 |
_aSports, ethics and education / _cPeter J. Arnold. |
| 260 |
_aLondon ; _aHerndon, VA : _bCassell, _c1997. |
||
| 300 |
_axvi, 104 p. ; _c25 cm. |
||
| 504 | _aIncludes bibliographical references (p. [91]-98) and indexes. | ||
| 650 | 0 |
_aSports _xMoral and ethical aspects. |
|
| 650 | 0 |
_aSports _xPhilosophy. |
|
| 650 | 0 |
_aPhysical education and training _xPhilosophy. |
|
| 906 |
_a7 _bcbc _ccopycat _d3 _encip _f19 _gy-gencatlg |
||
| 942 |
_2lcc _cBK _h706.3 _iARN _kGV |
||